000 00532mam a2200217 a 4500
001 2617083
003 ARRUPE
005 20140106114909.0
008 991103s2000 enk 000 1 eng d
015 _aGB99-U5966
020 _a014118308X
035 _a(OCoLC)ocm43030627
040 _aUKM
_cUKM
_dNNC
050 0 0 _aPZ3.B438
_bC55
100 1 _aBennett, Arnold,
_d1867-1931.
_96505
245 1 0 _aClayhanger.
260 _aLondon :
_bPenguin,
_c1954.
300 _a528 p. ;
_c18cm.
942 _2lcc
_cMONOGRAPH
999 _c119506
_d119506